Dates des régimes politiques français - Statistiques

Statistiques générales
  • Ce quiz a été pris 69 fois
  • Le résultat moyen est 11 sur 12
Statistiques - réponses
Questions Réponses % Correct
Proclamation de la 1ère République 1792
98%
Fin de cette dernière et début du premier Empire 1804
98%
Chute de l'Empire avec l'abdication de Napoléon 1814
96%
Fin de la monarchie de juillet et proclamation de la deuxième République 1848
96%
Fin de la seconde restauration avec la chute de Charles X et début de la Monarchie de juillet de Louis Phillippe Ier 1830
95%
Chute du second Empire et proclamation de la troisième République 1870
95%
Fin du régime provisoire et proclamation de la quatrième République 1946
95%
Début de la seconde restauration après le retour au pouvoir de Louis XVIII 1815
93%
Fin de la troisème République et début du régime de Vichy 1940
93%
Proclamation de la Vème République 1958
93%
Libération de la France, qui met fin au régime de Vichy et instaure un régime provisoire pendant 2 ans 1944
91%
Fin de la seconde République et début du second Empire de Napoléon III 1852
89%
Aucun quiz correspondant
Distribution des résultats
% des personnes avec chaque résultat
Percentile par nombre de réponses
Votre historique - résultats
Vous n’avez pas pris ce quiz